000 00224 a2200109 4500
020 _a9780590291828
041 _aspa
100 _aWilliams, Vera B
245 _aTres dias en una canoa Roja
942 _cBK
999 _c19647
_d19647
999 _d19647